| 000 | 00347pab a2200145 454500 | ||
|---|---|---|---|
| 008 | 180718b1995 xxu||||| |||| 00| 0 eng d | ||
| 100 | _aTrikha, N.K. | ||
| 245 |
_aPublic standards _bethics for legislators. |
||
| 260 | _c1995 | ||
| 300 | _ap.8 | ||
| 362 | _a14 Aug | ||
| 650 | _aLegislators - India | ||
| 773 | _aIndian Express | ||
| 909 | _a29828 | ||
| 999 |
_c29828 _d29828 |
||